Beyonce Lyric song match - Statistics

General Stats
  • This quiz has been taken 234 times
  • The average score is 9 of 15
Answer Stats
Lyric Song % Correct
If you like it then you should've put a ring on it Single Ladies
100%
Everything you own in the box to the left Irreplaceable
89%
My daddy Alabama, my momma Louisiana Formation
88%
What's worse, looking jealous or crazy, jealous or crazy? Hold Up
79%
Perfection is the disease of a nation Pretty hurts
70%
ooo boy you lookin' like you like what you see Check on it
69%
No complaints for my body, so fluorescent under these lights Drunk in Love
67%
I wanted you bad, I'm so through with that Best thing I never had
63%
I am alone at a cross roads Listen
53%
Nothing's perfect but it's worth it Love on top
49%
At first we started out real cool Bills, Bills, Bills
42%
There's ups and downs in this love Countdown
40%
I wanna hear you say my name boy Naughty Girl
33%
It's on baby, let's get lost Ego
32%
Know that I can't get over you Deja Vu
22%
No matching quizzes found
Score Distribution
Percent of People with Each Score
Percentile by Number Answered
Your Score History
You have not taken this quiz